Conocimiento inventado: falacias históricas, ciencia amañada y pseudo-religiones

Furkejuvvon:
Bibliográfalaš dieđut
Váldodahkki: Fritze, Ronald H (Dahkki)
Materiálatiipa: Girji
Giella:espánnjágiella
Almmustuhtton: Madrid Turner 2010
Ráidu:Colección Noema
Fáttát:
Fáddágilkorat: Lasit fáddágilkoriid
Eai fáddágilkorat, Lasit vuosttaš fáddágilkora!

MARC

LEADER 00000nam a2200000 a 4500
001 UCG4621
003 CL-VaPUC
008 101111e20100000SP |||||||||||||||||spa|d
020 |a 9788475069234 
082 0 4 |a 302.24  |b FRI  |2 21 
100 0 |a Fritze, Ronald H  |e author  |9 554011 
245 1 0 |a Conocimiento inventado: falacias históricas, ciencia amañada y pseudo-religiones 
300 |a 351 p 
942 |c BK 
945 |d 20101111 00:00:00  |a mfarfan 
260 |a Madrid  |b Turner  |c 2010 
650 0 |a Historia de las ciencias   |9 264975 
650 0 |a Ciencias  |9 327866 
650 7 |a SECTAS RELIGIOSAS  |2 CL-VaPUC  |9 554012 
650 0 |a Aspectos sociales  |9 254894 
650 7 |a FALACIAS  |2 CL-VaPUC  |9 503817 
583 |a last modification  |c 20101111 00:00:00  |k Rodrigo Vera 
490 0 |a Colección Noema 
999 |c 343308  |d 343306 
952 |0 0  |1 0  |4 0  |6 302_240000000000000_FRI_2010  |7 0  |8 A  |9 440531  |a BIBHIS  |b BIBHIS  |d 2019-11-22  |i 4734564  |l 1  |o 302.24 FRI 2010  |p 4734564  |r 2025-01-20  |s 2024-10-15  |w 2019-11-22  |y BK  |k HIS